00611nam a2200169 i 450000100060000000300090000600500170001500700030003200800410003510000280007624500810010426000580018530000290024385200310027299900170030395201210032087530ES-MaACL20230906175704.0t|041222s1958 sp ||||1| eng d1 aKucera, Enrique.96894512aA principality in the heart of the Pyrenees b: Andorra / cby Henry Kucera. aBarcelona : bEnrique Kucera, c[1958] (fS.A.D.A.G.) a63 p. : bil. ; c14 cm. aES-MaACLjD-8375 bR.42844 c87530d87530 00104070aATENEOMbATENEOMcSVId2008-01-17eSCl0oD-8375p901091446r2023-02-23 00:00:00w2023-02-23yMONOGRAFIA